Real estate principles: a value approach
Saved in:
| Main Author: | |
|---|---|
| Format: | Book |
| Language: | English |
| Published: |
McGraw-Hill Education,
2018.
|
| Tags: |
Add Tag
No Tags, Be the first to tag this record!
|
MARC
| LEADER | 00000nam a22000007a 4500 | ||
|---|---|---|---|
| 008 | 210126b ||||| |||| 00| 0 eng d | ||
| 020 | |a 978-1-259-25263-1 | ||
| 100 | |a LING, David C. | ||
| 245 | |a Real estate principles: |b a value approach |c David Ling C., Wayne R. Archer |g xxix, 666p.; ill. | ||
| 250 | |b 5th ed. | ||
| 260 | |b McGraw-Hill Education, |c 2018. |h New York: |i 690886 |i 690887 |l HD255 .L64 |m Real estate business – United States. | ||
| 500 | |a “It includes index”. | ||
| 942 | |a lcc |c BK |e Adeniran, f/. A |f 26/01/2021 | ||
| 952 | |0 0 |1 0 |2 lcc |4 0 |6 HD0255 L64 |7 0 |9 1902 |a HOL |b HOL |c GJ |d 2021-01-26 |l 0 |o HD255 .L64 |p 2021-5769 |r 2021-01-26 00:00:00 |w 2021-01-26 |y BK | ||
| 952 | |0 0 |1 0 |2 lcc |4 0 |6 HD0255 L64 |7 0 |9 1903 |a HOL |b EDM |c GJ |d 2021-01-26 |l 0 |o HD255 .L64 |p 2021-5770 |r 2021-01-26 00:00:00 |w 2021-01-26 |y BK | ||
| 999 | |c 1002 |d 1002 | ||